Capital Cities within 100 km of a Country Tripoint - Statistics

General Stats
  • This quiz has been taken 105 times
  • The average score is 91 of 120
Answer Stats
ANSWER % Correct
France
94%
Germany
94%
LUXEMBOURG
94%
Luxembourg
94%
BERN
93%
Spain
93%
Austria
91%
Hungary
91%
Italy
91%
Slovakia
91%
VADUZ
91%
VIENNA
91%
Andorra
90%
BRATISLAVA
90%
Croatia
90%
Czech Republic
90%
Liechtenstein
90%
LJUBLJANA
90%
Poland
90%
PRAGUE
90%
Slovenia
90%
Switzerland
90%
ANDORRA LA VELLA
88%
ZAGREB
88%
Bulgaria
87%
Kosovo
87%
Macedonia
87%
Montenegro
87%
Serbia
87%
Albania
84%
Bosnia and H.
84%
SARAJEVO
84%
SOFIA
84%
PODGORICA
83%
PRISTINA
83%
SKOPJE
83%
TIRANA
83%
Guatemala
80%
Mexico
80%
Belize
78%
El Salvador
77%
South Africa
74%
Honduras
72%
SAN SALVADOR
72%
DR Congo
71%
Mozambique
70%
Burundi
68%
Malawi
68%
Rwanda
68%
Swaziland
68%
Zambia
68%
MAPUTO
67%
Tanzania
67%
BELMOPAN
65%
Rep. of the Congo
65%
DAMASCUS
64%
KIGALI
64%
Syria
64%
AMMAN
62%
BEIRUT
62%
China
62%
Israel
62%
Jordan
61%
Lebanon
61%
BUJUMBURA
59%
LILONGWE
59%
Armenia
57%
Georgia
57%
India
57%
MBABANE
57%
Azerbaijan
55%
Bhutan
55%
Turkey
55%
CAR
54%
TBILISI
54%
THIMPHU
54%
YEREVAN
54%
DJIBOUTI
45%
Djibouti
45%
BANGUI
43%
Ethiopia
43%
Somalia
43%
No matching quizzes found
Score Distribution
Percent of People with Each Score
Percentile by Number Answered
Your Score History
You have not taken this quiz